[Event "Francophonie-ch 7th"]
[Site "Paris"]
[Date "2019.08.05"]
[Round "2"]
[White "L'Henoret, Thierry"]
[Black "Rakotomaharo, Fy Antenaina"]
[Result "0-1"]
[WhiteElo "2074"]
[BlackElo "2438"]
[PlyCount "88"]
[EventDate "2019.08.04"]
[EventType "swiss"]
[EventRounds "9"]
[EventCountry "FRA"]
[SourceTitle "CBM 191 Extra"]
[Source "ChessBase"]
[SourceDate "2019.09.30"]
[SourceVersion "1"]
[SourceVersionDate "2019.09.30"]
[SourceQuality "1"]

1. Nf3 d5 2. d4 Nf6 3. e3 Bg4 4. h3 Bh5 5. c4 c6 6. Nc3 e6 7. g4 Bg6 8. Ne5 Nfd7 9. Nxg6 hxg6 10. cxd5 cxd5 11. Qb3 Qc8 12. Bd2 Nc6 13. Rc1 Bd6 14. Na4 Qc7 15. Bb4 Rb8 16. Bb5 0-0 17. 0-0 Rfc8 18. a3 g5 19. Rc3 Bxb4 20. axb4 Nf6 21. Bd3 e5 22. Rfc1 exd4 23. exd4 Qd8 24. Bf5 Nxd4 25. Rxc8 Nxb3 26. Rxd8+ Rxd8 27. Rd1 a5 28. Bc2 b5 29. Bxb3 bxa4 30. Bxa4 axb4 31. Rd4 Rb8 32. Bc6 Kf8 33. Rd3 Rd8 34. Rd4 Rc8 35. Ba4 Rc4 36. Rd1 Ke7 37. Bb3 Rc5 38. Rd4 Rb5 39. f4 gxf4 40. Rxf4 Nh7 41. h4 Nf8 42. Rf5 Ke6 43. Rg5 g6 44. Bc2 Nh7 0-1

[Event "NATO-ch 20th"]
[Site "Hammelburg"]
[Date "2009.06.18"]
[Round "6"]
[White "Razola Garcia, Joaquin"]
[Black "L'Henoret, Thierry"]
[Result "1-0"]
[WhiteElo "2106"]
[BlackElo "2158"]
[PlyCount "57"]
[EventDate "2009.06.15"]
[EventType "swiss"]
[EventRounds "7"]
[EventCountry "GER"]
[SourceTitle "CBM 130 Extra"]
[Source "ChessBase"]
[SourceDate "2009.07.02"]
[SourceVersion "2"]
[SourceVersionDate "2009.07.15"]
[SourceQuality "1"]

1. d4 Nf6 2. c4 e6 3. Nc3 c5 4. d5 exd5 5. cxd5 d6 6. e4 g6 7. f4 Bg7 8. Bb5+ Nfd7 9. Bd3 0-0 10. Nf3 Na6 11. 0-0 Rb8 12. Be3 Nc7 13. a4 a6 14. a5 b5 15. axb6 Rxb6 16. Qe2 Re8 17. Rad1 Nf6 18. e5 Nfxd5 19. Nxd5 Nxd5 20. Bc4 Nxe3 21. Qxe3 Be6 22. b3 Qb8 23. Qe4 dxe5 24. fxe5 Bxc4 25. bxc4 Bxe5 26. Qd5 Qd6 27. Nxe5 Qxe5 28. Qxf7+ Kh8 29. Rd7 1-0

[Event "NATO-ch 20th"]
[Site "Hammelburg"]
[Date "2009.06.16"]
[Round "3"]
[White "L'Henoret, Thierry"]
[Black "Helbig, Mark"]
[Result "0-1"]
[WhiteElo "2158"]
[BlackElo "2337"]
[PlyCount "84"]
[EventDate "2009.06.15"]
[EventType "swiss"]
[EventRounds "7"]
[EventCountry "GER"]
[SourceTitle "CBM 130 Extra"]
[Source "ChessBase"]
[SourceDate "2009.07.02"]
[SourceVersion "2"]
[SourceVersionDate "2009.07.15"]
[SourceQuality "1"]

1. d4 d5 2. Nf3 Nf6 3. e3 c6 4. c4 a6 5. Qc2 e6 6. Nc3 Nbd7 7. cxd5 cxd5 8. Bd3 b5 9. 0-0 Bb7 10. a4 b4 11. Na2 Bd6 12. Bd2 a5 13. Rac1 0-0 14. Qb1 Ne4 15. Be1 f5 16. Nd2 Qh4 17. f4 Qe7 18. Nf3 Ndf6 19. Bh4 h6 20. Bxe4 fxe4 21. Ne5 Qe8 22. b3 Ba6 23. Rfe1 Qh5 24. Bg3 Rac8 25. Qb2 Kh7 26. Qd2 Bxe5 27. fxe5 Ng8 28. Rxc8 Rxc8 29. Rc1 Rxc1+ 30. Nxc1 Qf7 31. Qf2 Qc7 32. Qd2 Ne7 33. Bf2 g6 34. Be1 Nf5 35. Bf2 h5 36. Be1 h4 37. Bf2 Qf7 38. Qe1 g5 39. Ne2 Qc7 40. g3 Qc2 41. Nc1 h3 42. Kh1 Nh6 0-1

[Event "Lausanne op"]
[Site "Lausanne"]
[Date "2007.09.17"]
[Round "7"]
[White "L'Henoret, Thierry"]
[Black "Vianin, Pascal"]
[Result "1/2-1/2"]
[WhiteElo "2103"]
[BlackElo "2186"]
[PlyCount "50"]
[EventDate "2007.09.14"]
[EventType "swiss"]
[EventRounds "7"]
[EventCountry "SUI"]
[SourceTitle "CBM 120 Extra"]
[Source "ChessBase"]
[SourceDate "2007.11.01"]
[SourceVersion "1"]
[SourceVersionDate "2007.11.01"]
[SourceQuality "1"]

1. d4 Nf6 2. Nf3 e6 3. Nbd2 d5 4. e3 c5 5. c3 Nc6 6. Bd3 Bd6 7. 0-0 0-0 8. dxc5 Bxc5 9. e4 dxe4 10. Nxe4 Be7 11. Qe2 Bd7 12. Rd1 Qc7 13. Bc2 Rfd8 14. Bg5 Nd5 15. g3 h6 16. Bxe7 Ncxe7 17. Ned2 Be8 18. Qe4 Nf6 19. Qe5 Qxe5 20. Nxe5 Nc6 21. Ndc4 Nxe5 22. Nxe5 Kf8 23. Rxd8 Rxd8 24. Rd1 Rxd1+ 25. Bxd1 Ke7 1/2-1/2

[Event "NATO-ch 18th"]
[Site "Ankara"]
[Date "2007.09.07"]
[Round "7"]
[White "Sjol, Henrik"]
[Black "L'Henoret, Thierry"]
[Result "1/2-1/2"]
[WhiteElo "1904"]
[BlackElo "2103"]
[PlyCount "63"]
[EventDate "2007.09.01"]
[EventType "swiss"]
[EventRounds "7"]
[EventCountry "TUR"]
[SourceTitle "EXT 2008"]
[Source "ChessBase"]
[SourceDate "2007.11.25"]
[SourceVersion "1"]
[SourceVersionDate "2007.11.25"]
[SourceQuality "1"]
[WhiteTeam "Norway"]
[BlackTeam "France"]
[WhiteTeamCountry "NOR"]
[BlackTeamCountry "FRA"]

1. c4 e6 2. Nf3 d5 3. d4 Nf6 4. Nc3 c6 5. e3 Nbd7 6. cxd5 exd5 7. Bd3 Bd6 8. 0-0 0-0 9. Bd2 Re8 10. Qc2 Nf8 11. e4 dxe4 12. Nxe4 Nxe4 13. Bxe4 Bg4 14. Rfe1 Bxf3 15. Bxf3 Qh4 16. g3 Qxd4 17. Bc3 Qb6 18. Rad1 Bb4 19. a3 Bxc3 20. Qxc3 Rad8 21. b4 Ng6 22. Bg2 Nf8 23. Bf3 Ne6 24. Bg2 Rxd1 25. Rxd1 Rd8 26. Rxd8+ Qxd8 27. Qe3 Qd4 28. Qc1 Nc7 29. h4 Nb5 30. Bxc6 Nc3 31. Bf3 h6 32. Kg2 1/2-1/2

[Event "FRA-ch op-A"]
[Site "Aix les Bains"]
[Date "2007.08.18"]
[Round "5"]
[White "Laruelle, Joel"]
[Black "L'Henoret, Thierry"]
[Result "1/2-1/2"]
[WhiteElo "2139"]
[BlackElo "2103"]
[PlyCount "27"]
[EventDate "2007.08.13"]
[EventType "swiss"]
[EventRounds "11"]
[EventCountry "FRA"]
[SourceTitle "CBM 120 Extra"]
[Source "ChessBase"]
[SourceDate "2007.11.01"]
[SourceVersion "1"]
[SourceVersionDate "2007.11.01"]
[SourceQuality "1"]

1. d4 d5 2. Nf3 Nf6 3. e3 e6 4. Bd3 c5 5. c3 Nc6 6. Nbd2 Bd6 7. 0-0 0-0 8. dxc5 Bxc5 9. e4 Be7 10. exd5 Nxd5 11. Ne4 Qc7 12. g3 b6 13. Qe2 Bb7 14. Neg5 1/2-1/2

[Event "FRA-chT2 North 0607"]
[Site "France"]
[Date "2007.04.01"]
[Round "11.7"]
[White "Piot, Olivier"]
[Black "L'Henoret, Thierry"]
[Result "1-0"]
[WhiteElo "2251"]
[BlackElo "2110"]
[PlyCount "41"]
[EventDate "2006.10.15"]
[EventType "team"]
[EventRounds "11"]
[EventCountry "FRA"]
[SourceTitle "EXT 2008"]
[Source "ChessBase"]
[SourceDate "2007.11.25"]
[SourceVersion "1"]
[SourceVersionDate "2007.11.25"]
[SourceQuality "1"]
[WhiteTeam "Noisy le Grand"]
[BlackTeam "Bois Colombes II"]
[WhiteTeamCountry "FRA"]
[BlackTeamCountry "FRA"]

1. d4 d5 2. c4 dxc4 3. Nf3 Nf6 4. e3 Bg4 5. Bxc4 e6 6. 0-0 a6 7. Qb3 Bxf3 8. gxf3 b5 9. Be2 c5 10. dxc5 Bxc5 11. Bd2 0-0 12. Kh1 Nbd7 13. Nc3 Qe7 14. Rg1 Rfd8 15. Be1 Rac8 16. Ne4 Nxe4 17. fxe4 Bd6 18. Bc3 Be5 19. Ba5 Bc7 20. Qc3 Nf6 21. Bb4 1-0

[Event "FRA-chT2 North 0607"]
[Site "France"]
[Date "2007.01.20"]
[Round "5.6"]
[White "L'Henoret, Thierry"]
[Black "Lefebvre, Herve"]
[Result "1/2-1/2"]
[WhiteElo "2110"]
[BlackElo "2226"]
[PlyCount "47"]
[EventDate "2006.10.15"]
[EventType "team"]
[EventRounds "11"]
[EventCountry "FRA"]
[SourceTitle "EXT 2008"]
[Source "ChessBase"]
[SourceDate "2007.11.25"]
[SourceVersion "1"]
[SourceVersionDate "2007.11.25"]
[SourceQuality "1"]
[WhiteTeam "Bois Colombes II"]
[BlackTeam "Gonfreville II"]
[WhiteTeamCountry "FRA"]
[BlackTeamCountry "FRA"]

1. d4 Nf6 2. Nf3 e6 3. Nbd2 d5 4. e3 c5 5. c3 Be7 6. Bd3 Nc6 7. 0-0 0-0 8. dxc5 Bxc5 9. e4 Be7 10. Qe2 Qc7 11. e5 Nd7 12. Re1 f6 13. exf6 Nxf6 14. Nd4 e5 15. Nxc6 bxc6 16. Qxe5 Bd6 17. Qg5 Bxh2+ 18. Kf1 Bg4 19. Be2 Bf4 20. Qh4 Bf5 21. Nf3 Bxc1 22. Raxc1 c5 23. Rcd1 Rad8 24. Bd3 1/2-1/2

[Event "FRA-chT2A 0506"]
[Site "France"]
[Date "2006.01.15"]
[Round "6.5"]
[White "L'Henoret, Thierry"]
[Black "Renault, Jerome"]
[Result "1/2-1/2"]
[WhiteElo "2154"]
[BlackElo "2148"]
[PlyCount "107"]
[EventDate "2005.10.27"]
[EventType "team-tourn"]
[EventRounds "11"]
[EventCountry "FRA"]
[SourceTitle "EXT 2006"]
[Source "ChessBase"]
[SourceDate "2005.11.24"]
[SourceVersion "1"]
[SourceVersionDate "2005.11.24"]
[SourceQuality "1"]
[WhiteTeam "Bois Colombes II"]
[BlackTeam "Saint Lo"]
[WhiteTeamCountry "FRA"]
[BlackTeamCountry "FRA"]

1. d4 Nf6 2. Nf3 g6 3. Nc3 d5 4. Bf4 Bg7 5. e3 0-0 6. Be2 c5 7. Ne5 Nc6 8. Qd2 cxd4 9. exd4 Qb6 10. 0-0-0 Bf5 11. g4 Be6 12. f3 Rac8 13. h4 Nb4 14. Kb1 Qa5 15. a3 Nc6 16. h5 Nxe5 17. Bxe5 h6 18. g5 Nxh5 19. Bxg7 Nxg7 20. Rxh6 Nf5 21. Rh2 Kg7 22. Qf4 Qc7 23. Rdh1 Rg8 24. Qg4 Rh8 25. Rxh8 Rxh8 26. Rxh8 Kxh8 27. Bd3 Qg3 28. Qxg3 Nxg3 29. Nb5 Bf5 30. Nxa7 Bxd3 31. cxd3 Nf5 32. Nc8 e6 33. a4 Kg7 34. a5 Kf8 35. Nb6 Ke7 36. Na4 Kd6 37. Nc5 Kc6 38. Nb3 Nh4 39. Nd2 Kb5 40. Kc2 Kxa5 41. Kc3 Kb5 42. f4 Ng2 43. Nf3 Nxf4 44. Ne5 Ne2+ 45. Kd2 Nxd4 46. Nxf7 Kb4 47. Ke3 Nf5+ 48. Kf4 Kb3 49. Ke5 b5 50. Kxe6 d4 51. Ne5 Kxb2 52. Nxg6 Ng7+ 53. Ke5 Kc3 54. Nf4 1/2-1/2

[Event "NATO-ch 15th"]
[Site "The Hague"]
[Date "2004.08.14"]
[Round "7"]
[White "L'Henoret, Thierry"]
[Black "Deleyn, Gunter"]
[Result "1/2-1/2"]
[WhiteElo "2094"]
[BlackElo "2275"]
[PlyCount "107"]
[EventDate "2004.08.08"]
[EventType "swiss"]
[EventRounds "7"]
[EventCountry "NED"]
[SourceTitle "CBM 101 Extra"]
[Source "ChessBase"]
[SourceDate "2004.09.01"]
[SourceVersion "2"]
[SourceVersionDate "2004.09.01"]
[SourceQuality "1"]

1. d4 Nf6 2. Nf3 e6 3. e3 b6 4. Bd3 Bb7 5. Nbd2 c5 6. c3 Be7 7. 0-0 d6 8. e4 cxd4 9. cxd4 Nc6 10. a3 0-0 11. b4 a6 12. Bb2 Nh5 13. Nb3 Nf4 14. Bb1 Qd7 15. Qd2 e5 16. Ne1 Bg5 17. Qd1 Rad8 18. Nd3 Ng6 19. Qh5 Qe7 20. d5 Nb8 21. Bc1 Bxc1 22. Nbxc1 Nd7 23. f3 Rc8 24. Ne2 Rc7 25. g4 Qh4 26. Qxh4 Nxh4 27. Kf2 b5 28. Ba2 Nb6 29. Rac1 Rfc8 30. Rxc7 Rxc7 31. Rc1 Rc8 32. Bb3 Ng6 33. Rxc8+ Bxc8 34. Nb2 Bd7 35. Kg3 Kf8 36. h4 Ne7 37. Nc3 g6 38. a4 bxa4 39. Ncxa4 Nxa4 40. Bxa4 Ke8 41. f4 exf4+ 42. Kxf4 f5 43. gxf5 gxf5 44. Bxd7+ Kxd7 45. Nc4 Ng6+ 46. Kxf5 Nxh4+ 47. Kg5 Nf3+ 48. Kh6 Kc7 49. Kxh7 Ng5+ 50. Kg6 Nxe4 51. Kf5 Nc3 52. Ke6 Nb5 53. Ke7 Nc3 54. Ke6 1/2-1/2

[Event "Paris-ch opA"]
[Site "Paris"]
[Date "2004.07.06"]
[Round "4"]
[White "L'Henoret, Thierry"]
[Black "Jablonski, Noham"]
[Result "1-0"]
[WhiteElo "2094"]
[BlackElo "2249"]
[PlyCount "65"]
[EventDate "2004.07.03"]
[EventType "swiss"]
[EventRounds "9"]
[EventCountry "FRA"]
[SourceTitle "EXT 2005"]
[Source "ChessBase"]
[SourceDate "2004.11.15"]
[SourceVersion "1"]
[SourceVersionDate "2004.11.15"]
[SourceQuality "1"]

1. d4 d5 2. Nf3 Nf6 3. e3 c5 4. dxc5 Qa5+ 5. Nbd2 Qxc5 6. c4 e6 7. b3 Be7 8. Bb2 0-0 9. Bd3 Nc6 10. a3 a5 11. Rc1 Qd6 12. Qc2 h6 13. 0-0 Nd7 14. cxd5 exd5 15. Rfd1 Nde5 16. Nxe5 Nxe5 17. Nc4 Nxc4 18. bxc4 Be6 19. cxd5 Rfc8 20. Qb1 Bxd5 21. Rxc8+ Rxc8 22. Bf5 Rd8 23. Qa1 h5 24. e4 Bb3 25. Rxd6 Rxd6 26. Bd4 g6 27. Bh3 Rc6 28. g3 b5 29. Bd7 Rc2 30. Bxb5 Rd2 31. Qc3 Rd1+ 32. Kg2 Be6 33. Bc4 1-0

[Event "Paris-ch opA"]
[Site "Paris"]
[Date "2004.07.05"]
[Round "3"]
[White "Lacrosse, Marc"]
[Black "L'Henoret, Thierry"]
[Result "0-1"]
[WhiteElo "2257"]
[BlackElo "2054"]
[PlyCount "32"]
[EventDate "2004.07.03"]
[EventType "swiss"]
[EventRounds "9"]
[EventCountry "FRA"]
[SourceTitle "EXT 2005"]
[Source "ChessBase"]
[SourceDate "2004.11.15"]
[SourceVersion "1"]
[SourceVersionDate "2004.11.15"]
[SourceQuality "1"]

1. d4 d5 2. c4 dxc4 3. Nf3 Nf6 4. e3 e6 5. Bxc4 c5 6. 0-0 a6 7. Qe2 b5 8. Bb3 Bb7 9. Rd1 Nbd7 10. e4 cxd4 11. e5 Ng4 12. Nxd4 Ngxe5 13. Bxe6 fxe6 14. Nxe6 Qb6 15. Nxf8 Rxf8 16. Be3 Qg6 0-1

[Event "Bois Colombes schev"]
[Site "Bois Colombes"]
[Date "2003.12.27"]
[Round "5"]
[White "L'Henoret, Thierry"]
[Black "Brih, Said"]
[Result "0-1"]
[WhiteElo "2097"]
[BlackElo "2262"]
[PlyCount "108"]
[EventDate "2003.12.22"]
[EventType "schev"]
[EventRounds "7"]
[EventCountry "FRA"]
[SourceTitle "EXT 2005"]
[Source "ChessBase"]
[SourceDate "2004.11.15"]
[SourceVersion "1"]
[SourceVersionDate "2004.11.15"]
[SourceQuality "1"]

1. e4 c5 2. Nf3 Nc6 3. d4 cxd4 4. Nxd4 Nf6 5. Nc3 e5 6. Ndb5 d6 7. Nd5 Nxd5 8. exd5 Nb8 9. Qf3 a6 10. Qa3 b6 11. c4 Bb7 12. Nc3 Be7 13. Be3 f5 14. f3 0-0 15. Bd3 Nd7 16. Qb3 Rb8 17. Qc2 g6 18. b4 Rc8 19. g4 Bh4+ 20. Ke2 e4 21. fxe4 fxg4 22. Raf1 Rf3 23. Rxf3 gxf3+ 24. Kxf3 Ne5+ 25. Kg2 Nxc4 26. Bxc4 Rxc4 27. Qd3 Qc8 28. Ne2 Qg4+ 29. Ng3 Rxb4 30. Rf1 Bxg3 31. hxg3 Qxe4+ 32. Qxe4 Rxe4 33. Bh6 Re8 34. a3 Bxd5+ 35. Kg1 Be6 36. Rf6 b5 37. Kf2 a5 38. Bd2 a4 39. Ke3 Kg7 40. Bc3 Bc4+ 41. Kf4 Rf8 42. Rf5+ Kg8 43. Rxf8+ Kxf8 44. Kg5 Kf7 45. Kh6 Ke6 46. Kxh7 Kf5 47. g4+ Kxg4 48. Kxg6 Kf4 49. Kh5 d5 50. Kh4 Ke3 51. Bb4 d4 52. Bc5 Ke4 53. Kg3 d3 54. Bb4 Ke3 0-1